000 00958nam a2200217Ia 4500
003 OSt
005 20200928161829.0
008 191128t1994 ck gr 000 0 spa d
040 _aCO-JMCR
_cCO-JMCR
041 0 _aspa
082 0 4 _a923.283 /
_bC119v
_223
100 1 _aCacua Prada, Antonio,
_eautor
_910932
245 1 0 _aVivir con honor, o, morir con gloria :
_bBernardo O'Higgins Riquelme /
_cAntonio Cacua Prada
260 _aBogotá :
_bUniversidad Central,
_c©1994
300 _a356 Páginas ;
_c21 cm.
500 _aIncluye datos biográficos del autor.
505 0 _aEl libertador Bernardo O´Higgins / Jorge Enrique Molina Mariño -- La vida de O´higgins / Antonio Cucua Prada -- Chile y los O´Higgins -- O´Higgins -- Estancia en cadiz -- El retorno a Chile -- De alcalde a coronel
600 1 4 _aO'Higgins, Bernardo,
_xbiografías
_y1778-1842
_910933
651 4 _aChile
_xhistoria
_vGuerra de independencia
_y1810-1824
_910934
942 _2ddc
_cBK
999 _c3815
_d3815